Statistics for Pop Stars' Real Names #1

Click here to take the quiz!

General Stats

  • This quiz has been taken 115 times
  • The average score is 7 of 20

Answer Stats

Answer% Correct
{Beyoncé} Knowles-Carter
87%
Marshall MathersEminem
86%
Stefani GermanottaLady Gaga
64%
{Madonna} Ciccone
47%
Katheryn HudsonKaty Perry
41%
Robyn {Rihanna} Fenty
41%
{Adele} Adkins
39%
Alecia MoorePink
36%
Gordon SumnerSting
33%
{Björk} Guðmundsdóttir
32%
Richard StarkeyRingo Starr
30%
Ella Yelich-O'ConnorLorde
27%
Aubrey {Drake} Graham
22%
{Usher} Raymond IV
17%
{Sia} Furler
15%
Enrique MoralesRicky Martin
14%
{Prince} Nelson
12%
{Kesha} Sebert
8%
Lesane CrooksTupac Shakur
7%
Tramar DillardFlo Rida
3%

Score Distribution

Percentile by Number Answered

Percent of People with Each Score

Your Score History

You have not taken this quiz